The Internationalists Masters of the Global game
Ebook from IG Library ; For the first time, internationalists are identified for their critical capabilities. This book identifies the six key practices of successful internationalists and posits that recognizing them will have a profound effect on corporate mindset and how global companies plan and...
Đã lưu trong:
| 主要作者: | |
|---|---|
| 格式: | 图书 |
| 语言: | Undetermined |
| 出版: |
Business Expert Press
2010
|
| 主题: | |
| 在线阅读: | http://lrc.tdmu.edu.vn/opac/search/detail.asp?aID=2&ID=38151 |
| 标签: |
添加标签
没有标签, 成为第一个标记此记录!
|
| Thư viện lưu trữ: | Trung tâm Học liệu Trường Đại học Thủ Dầu Một |
|---|
| LEADER | 01004nam a2200193Ia 4500 | ||
|---|---|---|---|
| 001 | TDMU_38151 | ||
| 008 | 210410s9999 xx 000 0 und d | ||
| 082 | |a 658.11 | ||
| 100 | |a Scherer, Catherine W | ||
| 245 | 4 | |a The Internationalists | |
| 245 | 0 | |b Masters of the Global game | |
| 245 | 0 | |c Catherine W. Scherer | |
| 260 | |b Business Expert Press | ||
| 260 | |c 2010 | ||
| 300 | |a 129 Pages | ||
| 520 | |a Ebook from IG Library ; For the first time, internationalists are identified for their critical capabilities. This book identifies the six key practices of successful internationalists and posits that recognizing them will have a profound effect on corporate mindset and how global companies plan and execute cross-border strategies. | ||
| 650 | |a International Business; Kinh doanh quốc tế; Chủ nghĩa quốc tế; Toàn cầu hóa | ||
| 856 | |u http://lrc.tdmu.edu.vn/opac/search/detail.asp?aID=2&ID=38151 | ||
| 980 | |a Trung tâm Học liệu Trường Đại học Thủ Dầu Một | ||